000
00304nam a22001337a 4500
008
170615b xxu||||| |||| 00| 0 eng d
020
_a
9781565490734
041
_a
eng
080
_a
323
100
_a
19
101
_a
SHP
245
_a
PLAYERS AND ISSUES IN INTERNATIONAL AID
_c
HOY,P
942
_2
udc
_c
BK
999
_c
17626
_d
17626